[Event "Masters"]
[Site "Berkeley USA"]
[Date "2008.12.21"]
[Round "8"]
[White "Krush,I"]
[Black "Rensch,D"]
[Result "1/2-1/2"]
[WhiteElo "2452"]
[BlackElo "2354"]

1.d4 Nf6 2.c4 e6 3.Nc3 Bb4 4.Qc2 O-O 5.a3 Bxc3+ 6.Qxc3 h6 7.e3 d6 8.b4 b6
9.Nf3 Bb7 10.Be2 Nbd7 11.Bb2 Ne4 12.Qc2 f5 13.O-O Ng5 14.Ne1 f4 15.f3 fxe3
16.Qc3 Qf6 17.Qxe3 Rae8 18.f4 Ne4 19.Nd3 Qh4 20.Bf3 Ndf6 21.Qe2 h5 22.g3 Qh3
23.Bg2 Qf5 24.Rae1 d5 25.Ne5 dxc4 26.Nxc4 Ba6 27.Bxe4 Nxe4 28.Qxe4 Bxc4 29.Qxf5 exf5
30.Rxe8 Rxe8 31.Rc1 b5 32.d5 Re3 33.a4 a6 34.axb5 axb5 35.Be5 Rd3  1/2-1/2

[Event "Masters"]
[Site "Berkeley USA"]
[Date "2008.12.22"]
[Round "9"]
[White "Krush,I"]
[Black "Friedel,J"]
[Result "1/2-1/2"]
[WhiteElo "2452"]
[BlackElo "2498"]

1.d4 Nf6 2.c4 e6 3.Nc3 Bb4 4.Qc2 O-O 5.e4 d5 6.e5 Ne4 7.Bd3 c5 8.Ne2 cxd4
9.Nxd4 Nd7 10.Bf4 Qh4 11.g3 Qh5 12.Bxe4 dxe4 13.Qxe4 Bxc3+ 14.bxc3 Nc5 15.Qe2 Qg6
16.Rd1 Bd7 17.f3 Ba4 18.Ra1 Rac8 19.O-O Qd3 20.Rab1 b6 21.Bg5 Qxe2 22.Nxe2 Nd3
23.f4 Rxc4 24.Rf3 Bc2 25.Rbf1 Nc5 26.Nd4 Ba4 27.f5 Bd7 28.fxe6 Bxe6 29.Nxe6 Nxe6
30.Be7 Re8 31.Bd6 Nd8 32.Rd1 Nc6 33.Rdf1 Nxe5 34.Bxe5 Rxe5 35.Rxf7 h6 36.Rxa7 Rxc3
37.Rf2 b5  1/2-1/2

[Event "7th Gibtelecom Masters"]
[Site "Caleta ENG"]
[Date "2009.01.28"]
[Round "2"]
[White "Krush,I"]
[Black "Berg,E"]
[Result "1/2-1/2"]
[WhiteElo "2457"]
[BlackElo "2606"]

1.d4 e6 2.c4 Nf6 3.Nc3 Bb4 4.e3 O-O 5.Bd3 c5 6.Ne2 d5 7.cxd5 cxd4 8.exd4 Nxd5
9.O-O Nc6 10.a3 Be7 11.Re1 Nf6 12.Bc2 b6 13.Qd3 Bb7 14.Bg5 g6 15.Rad1 Re8
16.h4 Nd5 17.Qg3 Bxg5 18.hxg5 Nce7 19.Ne4 Nf5 20.Qh3 f6 21.Ba4 Rf8 22.gxf6 Nxf6
23.Ng5 Qd6 24.Nc3 Bd5 25.Re5 h6 26.Rxf5 gxf5 27.Qxh6 Qe7 28.Qg6+ Qg7 29.Qxg7+ Kxg7
30.Nxd5 exd5 31.Ne6+ Kg6 32.Nxf8+ Rxf8 33.Bc2 Re8 34.Bd3 Kg5 35.f3 Nh5 36.Kf2 Nf4
37.Bf1 Rc8 38.Rd2 Ne6 39.g3 f4 40.Bh3 Rc6 41.Kg2 fxg3 42.Bxe6 Rxe6 43.Kxg3 Re3
44.Rc2 Rb3 45.Re2 Kf6 46.Kg4 Rd3 47.f4 Rxd4 48.Rc2 Rc4 49.Rxc4 dxc4 50.Kf3 Kf5
51.Ke3 b5 52.Kd4 Kxf4 53.Kc5 Ke4 54.Kxb5 Kd3 55.Kb4 Kc2 56.Kxc4 Kxb2 57.a4 Ka3
58.Kb5 a6+ 59.Ka5 Kb3 60.Kxa6 Kxa4  1/2-1/2

[Event "7th Gibtelecom Masters"]
[Site "Caleta ENG"]
[Date "2009.01.30"]
[Round "4"]
[White "Krush,I"]
[Black "Tsifanskaya,L"]
[Result "1-0"]
[WhiteElo "2457"]
[BlackElo "2149"]

1.d4 d5 2.c4 dxc4 3.e3 Nf6 4.Bxc4 e6 5.Nf3 c5 6.O-O a6 7.Bb3 Nc6 8.Nc3 Be7
9.dxc5 Bxc5 10.Qxd8+ Kxd8 11.Bd2 Ke7 12.Rac1 Ba7 13.Ne2 Ne4 14.Be1 Bd7 15.Bc2 Nf6
16.Ned4 Rhc8 17.Bd2 Nxd4 18.Nxd4 Bxd4 19.exd4 h6 20.Bb4+ Ke8 21.Bc5 Nd5 22.Bb3 Nf4
23.Rc2 Bc6 24.Bd6 Nd5 25.Re1 Kd7 26.Be5 f6 27.Bg3 Re8 28.a3 Rac8 29.f3 g5
30.Kf2 Bb5 31.Rec1 Rxc2+ 32.Rxc2 Rc8 33.Rxc8 Kxc8 34.Bd6 Kd7 35.Bf8 h5 36.a4 Bc6
37.a5 Bb5 38.g3 Ke8 39.Bc5 Kf7 40.Bc2 Kg7 41.Be4 Kf7 42.Bd6 Kg7 43.f4 gxf4
44.gxf4 Bc6 45.Bd3 f5 46.Be2 Kg6 47.Kg3 Ne3 48.d5 Bxd5 49.Bc5 Ng2 50.Bd6 Ne3
51.Bc5 Ng2 52.h4 Ne1 53.b4 Nc2 54.b5 axb5 55.Bxb5 Na1 56.Be8+ Kh7 57.Bxh5 Nb3
58.Bb6 Nd2 59.Be8 Ne4+ 60.Kh3 Nf6 61.Bb5 Nh5 62.Bc7 Nf6 63.Be5 Kg6 64.Ba4 Bc4
65.Kg3 Ne4+ 66.Kh3 Nf6 67.Kg2 Bd5+ 68.Kf1 Kf7 69.Ke2 Ng4 70.Bb2 Bc4+ 71.Kd2 Nh2
72.Kc3 Be2 73.Kd4 Bf1 74.Kc5 Bg2 75.Bb3 Ke7 76.h5 Ng4 77.Bg7 Kf7 78.h6 Kg6
79.Bxe6 Nxh6 80.Bxh6 Kxh6 81.Bxf5  1-0

[Event "7th Gibtelecom Masters"]
[Site "Caleta ENG"]
[Date "2009.01.31"]
[Round "5"]
[White "Dunn,An1"]
[Black "Krush,I"]
[Result "0-1"]
[WhiteElo "2216"]
[BlackElo "2457"]

1.d4 d5 2.Nf3 Nf6 3.Bf4 g6 4.e3 Bg7 5.h3 O-O 6.Bd3 c5 7.c3 Nc6 8.Nbd2 Nd7
9.O-O e5 10.dxe5 Ndxe5 11.Nxe5 Nxe5 12.Be2 Be6 13.Nf3 Nc6 14.Qd2 h6 15.Rfd1 Qe7
16.Qc2 Rfe8 17.Rd2 Bf5 18.Bd3 Be6 19.Bb5 a6 20.Bxc6 bxc6 21.Qa4 Bd7 22.Rad1 Qf6
23.Nh2 c4 24.Bc7 Bf5 25.Nf3 Be4 26.Ne1 Qe7 27.Bg3 Qc5 28.Nc2 Bxc2 29.Rxc2 Re7
30.Rcd2 f5 31.Kh1 Qb5 32.Qxb5 axb5 33.a3 Kf7 34.Bd6 Re6 35.Bc5 g5 36.g3 Re4
37.Kg2 h5 38.f3 Re6 39.Kf2 Kg6 40.f4 g4 41.h4 Kf7 42.Re2 Ke8 43.Ke1 Kd7 44.Kd2 Kc7
45.Ree1 Bf8 46.Bxf8 Rxf8 47.Ra1 c5 48.Rad1 Rfe8 49.Rb1 Kc6 50.Rbd1 Re4  0-1

[Event "7th Gibtelecom Masters"]
[Site "Caleta ENG"]
[Date "2009.02.05"]
[Round "10"]
[White "Van Eijk,S"]
[Black "Krush,I"]
[Result "0-1"]
[WhiteElo "2355"]
[BlackElo "2457"]

1.e4 c5 2.Nf3 d6 3.d4 cxd4 4.Nxd4 Nf6 5.Nc3 Nc6 6.Be2 e5 7.Nf3 h6 8.O-O Be7
9.h3 O-O 10.Re1 Be6 11.Bf1 Nb8 12.Nb1 Nbd7 13.c4 Rc8 14.b3 a6 15.Bb2 Nc5
16.Nc3 Nh7 17.Nd5 Ng5 18.Bd3 Bxd5 19.cxd5 Nxd3 20.Qxd3 Nxf3+ 21.Qxf3 Qa5
22.Re2 Rc7 23.Rc1 Rfc8 24.Rxc7 Rxc7 25.Qd3 g6 26.a3 Qc5 27.g3 Bg5 28.Kg2 Bc1
29.b4 Qc4 30.Qxc4 Rxc4 31.Bxc1 Rxc1 32.Re3 Kg7 33.h4 f5 34.f4 Kf6 35.h5 Rc2+
36.Kf3 gxh5 37.fxe5+ dxe5 38.Rb3 Rc4 39.exf5 Kxf5 40.Ke3 Rg4 41.Ke2 h4 42.Rf3+ Ke4
43.d6 hxg3 44.d7 Rg8 45.Rxg3 Rd8 46.Rg7 h5 47.Rh7 Kd4 48.Kf3 Rf8+ 49.Ke2 Rd8
50.Kf3 Kd5 51.Ke3 h4 52.a4 h3 53.b5 a5 54.Kd3 h2 55.Ke3 h1=Q 56.Rxh1 Rxd7
57.Rd1+ Ke6 58.Rc1 Rh7 59.Rc8 Kd5 60.b6 Rh3+ 61.Kd2 Rh6 62.Ra8 Rxb6 63.Rxa5+ Kd4
64.Ra8 Rb2+ 65.Kc1 Rb4 66.Kd2 Rb2+ 67.Kc1 Ra2 68.Kb1 Rf2 69.Rb8 Rf7 70.Kc2 Ke3
71.Re8 e4 72.Kd1 Rd7+ 73.Ke1 Rh7 74.Kf1 Rh1+ 75.Kg2 Rb1 76.a5 Rb2+ 77.Kf1 Rb1+
78.Kg2 Rb5 79.Re7 Rg5+ 80.Kf1 Rf5+ 81.Kg2 Rf2+ 82.Kg1 Rb2 83.Kf1 Rb4 84.Re8 Kd3
85.Rd8+ Rd4 86.Rb8 Rd7 87.Ke1 Rh7 88.Rd8+ Ke3 89.Kf1 Rf7+ 90.Ke1 Rf5 91.Rh8 Rxa5
92.Rh3+ Kd4 93.Rb3 b5 94.Rb1 Kc4 95.Rc1+ Kd3 96.Rb1 Kc3 97.Rc1+ Kb2 98.Rc5 Ra1+
99.Kd2 b4 100.Rc4 b3 101.Rxe4 Ra8 102.Rb4 Ka2 103.Rb7 b2 104.Kc2 b1=Q+  0-1

[Event "National Open"]
[Site "Las Vegas USA"]
[Date "2009.06.06"]
[Round "4"]
[White "Krush,I"]
[Black "Sargissian,G"]
[Result "0-1"]
[WhiteElo "2452"]
[BlackElo "2660"]

1.d4 Nf6 2.c4 e6 3.Nc3 Bb4 4.e3 O-O 5.Bd3 c5 6.Ne2 d5 7.cxd5 cxd4 8.exd4 Nxd5
9.O-O Nc6 10.a3 Bd6 11.Ne4 Be7 12.Bc2 b6 13.Qd3 g6 14.Bh6 Re8 15.Rad1 Bb7
16.Rfe1 Rc8 17.Bb1 Nb8 18.N2c3 Nd7 19.Nb5 Ba6 20.Qb3 Bxb5 21.Qxb5 N7f6 22.Qe2 Nxe4
23.Bxe4 Bg5 24.Bxd5 Bxh6 25.Bb3 Qd6 26.Qe5 Qxe5 27.dxe5 Red8 28.Rxd8+ Rxd8
29.Bc4 Rd2 30.b4 Rc2 31.Bf1 Ra2 32.g3 a5 33.bxa5 bxa5 34.Bb5 Rxa3 35.Re4 Rb3
36.Ba4 Rc3 37.Rd4 Bf8 38.Be8 Rc8 39.Ba4 Bc5 40.Rd2 Rb8 41.Kg2 Rb4 42.Bc6 g5
43.h3 Kg7 44.Be8 Bd4 45.Ra2 Kf8 46.Bc6 Rc4 47.Bb5 Rc5 48.Rxa5 Rc2 49.Kf3 Rxf2+
50.Kg4 Bxe5 51.Bd3 h5+ 52.Kxh5 Bxg3 53.Kxg5 Bc7 54.Ra8+ Kg7 55.h4 Rd2 56.Ra3 Rg2+
57.Kh5 Rg3 58.Rb3 f5 59.Bc4 Rxb3 60.Bxb3 Kf6 61.Kh6 e5 62.h5 e4 63.Bc2 Be5
64.Bb1 Bc3 65.Bc2 Bb2 66.Bb1 e3 67.Bd3 f4 68.Be2 Kf5 69.Bf3 Ba1 70.Kh7 Kg5
71.h6 Kh4  0-1

[Event "National Open"]
[Site "Las Vegas USA"]
[Date "2009.06.07"]
[Round "6"]
[White "Krush,I"]
[Black "Morshedi,A"]
[Result "1-0"]
[WhiteElo "2452"]
[BlackElo "2347"]

1.d4 Nf6 2.c4 g6 3.Nc3 Bg7 4.e4 d6 5.f4 O-O 6.Nf3 c5 7.d5 e6 8.Be2 exd5 9.cxd5 Nbd7
10.O-O Re8 11.Nd2 a6 12.a4 b6 13.Bc4 Rb8 14.Re1 b5 15.axb5 axb5 16.Bxb5 Nh5
17.Bxd7 Bxd7 18.Nf3 Rb4 19.Ra6 Bc8 20.Ra8 Bxc3 21.bxc3 Rbxe4 22.Rxe4 Rxe4
23.f5 Re8 24.fxg6 hxg6 25.Bg5 Qd7 26.Qb1 Qg4 27.Qb5 Qe4 28.Qc6 Bd7 29.Rxe8+ Bxe8
30.Qxd6 Qb1+ 31.Kf2 Qc2+ 32.Bd2 c4 33.g4 Ng7 34.Kg3 Qd3 35.Qe5 Ba4 36.Bh6 Ne8
37.Qe7 Qxd5 38.Qf8+  1-0

[Event "Canadian Open"]
[Site "Edmonton CAN"]
[Date "2009.07.13"]
[Round "3"]
[White "Krush,I"]
[Black "Gentes,K"]
[Result "1-0"]
[WhiteElo "2458"]
[BlackElo "2270"]

1.d4 Nf6 2.c4 d6 3.Nc3 Nbd7 4.e4 e5 5.Nf3 c6 6.Be2 Be7 7.O-O O-O 8.Qc2 a6
9.Rd1 Qc7 10.Bg5 Re8 11.h3 b6 12.b4 Bb7 13.Rab1 Bf8 14.dxe5 dxe5 15.a3 Be7
16.Be3 a5 17.Nd2 axb4 18.axb4 Rad8 19.Na4 c5 20.b5 Nf8 21.Nc3 Ne6 22.Nd5 Nxd5
23.cxd5 Nd4 24.Qd3 f5 25.f3 f4 26.Bf2 Bd6 27.Ra1 Ra8 28.Nc4 Rxa1 29.Rxa1 Ra8
30.Rxa8+ Bxa8 31.Bf1 Bb7 32.Qa3 Kf8 33.Bxd4 exd4 34.Qa7  1-0

[Event "Canadian Open"]
[Site "Edmonton CAN"]
[Date "2009.07.14"]
[Round "4"]
[White "Ganguly,S"]
[Black "Krush,I"]
[Result "1-0"]
[WhiteElo "2637"]
[BlackElo "2458"]

1.e4 c5 2.Nf3 d6 3.d4 cxd4 4.Nxd4 Nf6 5.Nc3 Nc6 6.Bg5 e6 7.Qd2 Qb6 8.Bxf6 gxf6
9.Nb3 Bd7 10.O-O-O O-O-O 11.f4 Na5 12.Be2 Nxb3+ 13.axb3 h5 14.Rhf1 Be7 15.Rf3 Rdg8
16.Bf1 Kb8 17.Kb1 Bc6 18.Rh3 Qa5 19.Qe3 Bf8 20.Qd4 Qd8 21.b4 Rg4 22.Qf2 h4
23.Be2 Rg7 24.b5 Bd7 25.e5 d5 26.Nxd5 exd5 27.Rxd5 fxe5 28.fxe5 Qe7 29.Rhd3 Bc8
30.Rd8 Rh6 31.Rxc8+ Kxc8 32.Qxa7 Rxg2 33.Rc3+ Kd7 34.Qxb7+  1-0

[Event "Canadian Open"]
[Site "Edmonton CAN"]
[Date "2009.07.15"]
[Round "5"]
[White "Krush,I"]
[Black "Grumic,S"]
[Result "1/2-1/2"]
[WhiteElo "2458"]
[BlackElo "2080"]

1.e4 e6 2.d3 d5 3.Nd2 Nf6 4.Ngf3 Be7 5.g3 c5 6.Bg2 Nc6 7.O-O O-O 8.Re1 Rb8
9.Qe2 b5 10.Nf1 b4 11.Bf4 Rb6 12.e5 Nd7 13.h4 Ba6 14.Qe3 Nd4 15.Nxd4 cxd4
16.Qd2 Rc6  1/2-1/2

[Event "Canadian Open"]
[Site "Edmonton CAN"]
[Date "2009.07.16"]
[Round "6"]
[White "Hambleton,A"]
[Black "Krush,I"]
[Result "0-1"]
[WhiteElo "2052"]
[BlackElo "2458"]

1.d4 Nf6 2.c4 g6 3.Nc3 Bg7 4.e4 d6 5.f3 O-O 6.Be3 Nc6 7.Nge2 a6 8.Qd2 Rb8
9.Nc1 e5 10.d5 Nd4 11.Nb3 Nxb3 12.axb3 c5 13.b4 b6 14.Na2 Nd7 15.Bd3 f5 16.O-O f4
17.Bf2 g5 18.bxc5 Nxc5 19.Nb4 Qf6 20.Nc6 Rb7 21.Bc2 a5 22.Bxc5 bxc5 23.Rxa5 g4
24.fxg4 Bxg4 25.Bd1 Bxd1 26.Qxd1 Rxb2 27.Qg4 Rb7 28.h3 Kh8 29.Rf3 Rg8 30.Rfa3 Bf8
31.Qe2 Rb1+ 32.Kh2 Qg6 33.Qf3 Rb2 34.Qg4 Qxg4  0-1

[Event "Canadian Open"]
[Site "Edmonton CAN"]
[Date "2009.07.18"]
[Round "8"]
[White "Zilberstein,Dm"]
[Black "Krush,I"]
[Result "0-1"]
[WhiteElo "2394"]
[BlackElo "2458"]

1.d4 Nf6 2.c4 g6 3.Nc3 Bg7 4.e4 d6 5.Nf3 O-O 6.Be2 e5 7.Be3 Nbd7 8.O-O Re8
9.Qc2 exd4 10.Nxd4 c6 11.Rad1 a6 12.Bg5 Qc7 13.Rd2 b5 14.cxb5 cxb5 15.a3 Bb7
16.f3 d5 17.exd5 Nxd5 18.Kh1 Nxc3 19.bxc3 Nb6 20.Bd3 Qc5 21.h4 Qxa3 22.Ne2 Rac8
23.Qb1 Qc5 24.Rc1 Nc4 25.Ra2 h6 26.Bf4 Rcd8 27.Ng3 g5 28.hxg5 hxg5 29.Bd2 Re6
30.Nf5 Nxd2 31.Rxd2 Rdd6 32.Nd4 Rh6+ 33.Kg1 Bxd4+ 34.cxd4 Qxd4+ 35.Kf1 Qe3  0-1

[Event "2nd WTeam w"]
[Site "Ningbo CHN"]
[Date "2009.09.02"]
[Round "1"]
[White "Rajlich,I"]
[Black "Krush,I"]
[Result "1-0"]
[WhiteElo "2465"]
[BlackElo "2458"]

1.d4 Nf6 2.c4 g6 3.Nc3 Bg7 4.e4 d6 5.Nf3 O-O 6.h3 e5 7.d5 Na6 8.Bg5 h6 9.Be3 Nc5
10.Nd2 a5 11.g4 c6 12.Qc2 Bd7 13.O-O-O cxd5 14.Bxc5 dxc5 15.cxd5 Ne8 16.a4 Nd6
17.Nc4 Ra6 18.Kb1 Bf6 19.f3 Nxc4 20.Bxc4 Rb6 21.Bb5 Bh4 22.Rhf1 Bc8 23.f4 Qe7
24.f5 Rd6 25.Rd3 Kg7 26.Nd1 Bg5 27.Qxc5  1-0

[Event "2nd WTeam w"]
[Site "Ningbo CHN"]
[Date "2009.09.04"]
[Round "3"]
[White "Hoang Thi Bao Tram"]
[Black "Krush,I"]
[Result "1-0"]
[WhiteElo "2265"]
[BlackElo "2458"]

1.d4 Nf6 2.Nf3 g6 3.Bf4 Bg7 4.Nbd2 O-O 5.c3 d6 6.e3 c5 7.Be2 Be6 8.O-O Qb6
9.Qc2 Nc6 10.Ng5 Bd7 11.Nc4 Qd8 12.dxc5 dxc5 13.Rfd1 Qc8 14.h3 h6 15.Nf3 Bf5
16.Qb3 Be6 17.Qa3 b6 18.Nce5 a6 19.Nxc6 Qxc6 20.Ne5 Qb7 21.Bf3 Bd5 22.Rxd5 Nxd5
23.c4 e6 24.cxd5 exd5 25.Rd1 Rad8 26.Nc4 Qc6 27.Qxa6 Qe6 28.Nxb6 d4 29.exd4 Rxd4
30.Rxd4 Bxd4 31.Qa5 c4 32.Nd5 Bxb2 33.Qb4 c3 34.Qd4 f6 35.Qd3 Kg7 36.Ne3 Qxa2
37.Bd5 Qa4 38.Bc4 Rc8 39.Qd5 Qa7 40.Qe6 Rf8 41.Bd6  1-0

[Event "2nd WTeam w"]
[Site "Ningbo CHN"]
[Date "2009.09.05"]
[Round "4"]
[White "Krush,I"]
[Black "Kosintseva,T"]
[Result "1/2-1/2"]
[WhiteElo "2458"]
[BlackElo "2536"]

1.d4 Nf6 2.Nf3 d5 3.e3 e6 4.c4 Be7 5.b3 O-O 6.Bd3 b6 7.O-O Bb7 8.Bb2 Nbd7
9.Nbd2 c5 10.Rc1 Rc8 11.Qe2 Rc7 12.Ne5 cxd4 13.exd4 dxc4 14.bxc4 Nxe5 15.Qxe5 Qd6
16.Qe2 Rcc8 17.f4 g6 18.Nf3 Rfd8 19.Ne5 Bf8 20.Qe3 Bg7 21.Be2 Ne8 22.Rfd1 Qb8
23.Ba3 Nd6 24.Bxd6 Rxd6 25.a4 Rcd8 26.a5 Qc7 27.Kh1 Qe7 28.Rb1 Qc7 29.Rbc1 f6
30.Nf3 Bh6 31.axb6 axb6 32.Re1 Rc6 33.g3 Rcd6 34.Kg1 Qc6 35.d5 exd5 36.cxd5 Qd7
37.Bc4 b5 38.Bb3 Bxd5 39.Bxd5+ Rxd5 40.Qb6 Rd6 41.Qc7 Qxc7 42.Rxc7 Rd1 43.Kf2 Bf8
44.Rxd1 Rxd1 45.Ke2 Rh1 46.Nd4 Rxh2+ 47.Kf3 Rd2 48.Nxb5 Rd5 49.Nc3 Rd3+ 50.Ke2 Rd6
51.Ne4 Re6 52.Kf3 f5 53.Ng5 Re7 54.Rxe7 Bxe7 55.Ne6 Kf7 56.Nc7 Bd8 57.Nd5 Ke6
58.Ne3 Bb6 59.Ng2 Kd5 60.Nh4 Bd8 61.Nxf5 gxf5 62.g4 Bf6 63.gxf5 h5 64.Kg2 Ke4
65.Kh2 Kf3 66.Kh1 Kg3 67.Kg1 Kh3 68.Kh1 h4 69.Kg1 Kg3  1/2-1/2

[Event "2nd WTeam w"]
[Site "Ningbo CHN"]
[Date "2009.09.08"]
[Round "6"]
[White "Krush,I"]
[Black "Hou Yifan"]
[Result "1-0"]
[WhiteElo "2458"]
[BlackElo "2585"]

1.d4 Nf6 2.c4 e6 3.Nc3 Bb4 4.Qc2 d5 5.cxd5 exd5 6.Bg5 c5 7.dxc5 h6 8.Bh4 g5
9.Bg3 Ne4 10.e3 Qa5 11.Ne2 Bf5 12.Bxb8 Rxb8 13.Nd4 Bd7 14.Bd3 Bxc3+ 15.bxc3 Qxc3+
16.Qxc3 Nxc3 17.Rc1 Nxa2 18.Rb1 Ke7 19.Kd2 a5 20.Ra1 Nb4 21.Rxa5 Nc6 22.Ra2 Rhc8
23.Rb1 Nd8 24.Ra5 Ne6 25.Nxe6 fxe6 26.f4 Rc7 27.g3 Rbc8 28.Ra7 Rb8 29.Bb5 Bc8
30.Rc1 Bd7 31.Bxd7 Kxd7 32.Kd3 gxf4 33.exf4 Rc6 34.Kd4 Ra6 35.Ra1 Rxa7 36.Rxa7 Kc6
37.Ra2 Re8 38.Rb2 h5 39.Rb6+ Kc7 40.Ke5 Rd8 41.Kd4 Re8 42.Rd6 Re7 43.Ke5 Re8
44.Kf6 b5 45.Kf7 Rd8 46.Ke7 Rb8 47.Kxe6 b4 48.Rxd5 Kc6 49.Rd2 b3 50.Rb2 Kxc5
51.f5 Kd4 52.f6 Kc3 53.Rb1 Kc2 54.Rf1 Rb6+ 55.Ke7 Rb7+ 56.Kf8 b2 57.f7 b1=Q
58.Rxb1 Rxb1 59.Kg8  1-0

[Event "ch-USA w"]
[Site "Saint Louis USA"]
[Date "2009.10.04"]
[Round "1"]
[White "Krush,I"]
[Black "Melekhina,A"]
[Result "1/2-1/2"]
[WhiteElo "2458"]
[BlackElo "2220"]

1.d4 Nf6 2.c4 g6 3.Nc3 Bg7 4.e4 d6 5.Nf3 O-O 6.Be2 e5 7.O-O Nc6 8.dxe5 dxe5
9.Bg5 Qxd1 10.Rfxd1 Bg4 11.h3 Bxf3 12.Bxf3 Nd4 13.Nd5 Nxd5 14.cxd5 f5 15.Rac1 Rf7
16.Be3 fxe4 17.Bg4 Nf5 18.Rc3 h5 19.Be2 Bf8 20.Rc4 Nd6 21.Rc3 Nf5 22.Rc4 Nd6
23.Rc3 Nf5  1/2-1/2

[Event "ch-USA w"]
[Site "Saint Louis USA"]
[Date "2009.10.07"]
[Round "4"]
[White "Fan Yun"]
[Black "Krush,I"]
[Result "1/2-1/2"]
[WhiteElo "1935"]
[BlackElo "2458"]

1.e4 c5 2.Nf3 d6 3.d4 cxd4 4.Nxd4 Nf6 5.Nc3 Nc6 6.Bg5 e6 7.Qd2 Qb6 8.Nb3 Be7
9.Bxf6 Bxf6 10.Qxd6 Bd7 11.Qc5 Bd4 12.Qxb6 Bxb6 13.Bb5 a6 14.Bxc6 Bxc6 15.a4 Ke7
16.Ke2 Rhc8 17.f3 Be8 18.g3 Rc4 19.Rhd1 g5 20.a5 Ba7 21.Rd3 h5 22.Nd2 Rd4
23.Rxd4 Bxd4 24.Ra3 h4 25.f4 hxg3 26.hxg3 g4 27.Nd1 Bb5+ 28.c4 Bc6 29.b4 Rh8
30.Ne3 Rh2+ 31.Kd3 Bxe3 32.Kxe3 f5 33.exf5 exf5 34.Rd3 Rg2 35.Kd4 Kd6 36.Kc3+ Ke6
37.Kd4 Kd6 38.Kc3+ Ke6 39.Kd4 Kd6  1/2-1/2

[Event "ch-USA w"]
[Site "Saint Louis USA"]
[Date "2009.10.08"]
[Round "5"]
[White "Krush,I"]
[Black "Zenyuk,I"]
[Result "1/2-1/2"]
[WhiteElo "2458"]
[BlackElo "2285"]

1.d4 Nf6 2.Nf3 g6 3.c3 Bg7 4.Bf4 O-O 5.Nbd2 d5 6.e3 Bf5 7.h3 Nbd7 8.Be2 c5
9.O-O Qb6 10.Qc1 Rac8 11.Ne5 Rfd8 12.Re1 Ne8 13.Nxd7 Rxd7 14.Nb3 c4 15.Nd2 Nd6
16.Bg3 Qc6 17.Bf3 Ne4 18.Nxe4 dxe4 19.Be2 b5 20.Qc2 Be6 21.a4 Rb7 22.axb5 Qxb5
23.b4 cxb3 24.Bxb5 bxc2 25.Ba6 Rb1 26.Bxc8 Ba2 27.Raxb1 cxb1=Q 28.Rxb1 Bxb1
29.c4 e5 30.d5 Ba2 31.Ba6 f6 32.d6 Kf7 33.c5 Bf8 34.f4 exf3 35.gxf3 Ke6 36.Be1 Kd5
37.Bb4 Kc6 38.Kf2 Be6 39.h4 f5 40.Ba3 h6 41.Bd3 Bg7 42.Bc2 Kb5 43.Bd3+ Kc6
44.Bc2 Kb5 45.Bd3+ Kc6  1/2-1/2

[Event "National Chess Congress"]
[Site "Philadelphia USA"]
[Date "2009.11.27"]
[Round "1"]
[White "Shvartsman,A"]
[Black "Krush,I"]
[Result "1-0"]
[WhiteElo "2083"]
[BlackElo "2458"]

1.e4 c5 2.Nf3 e6 3.d4 cxd4 4.Nxd4 a6 5.Bd3 Bc5 6.Nb3 Be7 7.Nc3 d6 8.O-O Nf6
9.f4 Nc6 10.Qe1 Qc7 11.Qg3 O-O 12.Be3 b5 13.a3 Bb7 14.Rae1 Nd7 15.f5 Kh8
16.fxe6 fxe6 17.Qh3 e5 18.Nd5 Qd8 19.c4 Bc8 20.Qh5 bxc4 21.Bxc4 Nf6 22.Nxf6 Bxf6
23.Bd5 Bd7 24.Nd2 Rb8 25.Nc4 Be8 26.Qg4 Nd4 27.Bg5 Bf7 28.Bxf6 gxf6 29.Bxf7 Rxf7
30.Rf2 Qe7 31.Ne3 Rg8 32.Qh3 Ne6 33.Nd5 Ng5 34.Qf5 Qa7 35.h4 Rff8 36.Nxf6 Nh3+
37.Qxh3 Rxf6 38.Qe3 Qf7 39.Rxf6 Qxf6 40.Qf2 Qg6 41.Rc1 h6 42.Rc7 Rg7 43.h5 Qg5
44.Rxg7 Kxg7 45.Qf5 Qg3 46.Qg6+ Qxg6 47.hxg6 Kxg6 48.Kf2 Kf6 49.Ke3 Ke6 50.Kd3 d5
51.exd5+ Kxd5 52.b3 e4+ 53.Ke3 Ke5 54.g3 Kd5 55.g4 Ke5 56.b4 Kd5 57.a4 Kc4
58.b5 axb5 59.axb5 Kxb5 60.Kxe4 Kc5 61.Kf5  1-0

[Event "8th Gibtelecom Masters"]
[Site "Caleta ENG"]
[Date "2010.01.28"]
[Round "3"]
[White "Krush,I"]
[Black "Andersson,L"]
[Result "1-0"]
[WhiteElo "2455"]
[BlackElo "2132"]

1.d4 f5 2.Bg5 g6 3.Nc3 Bg7 4.h4 h6 5.Bf4 Nf6 6.Qd2 c6 7.e3 d5 8.Nf3 Nbd7
9.Ne5 Nxe5 10.Bxe5 Ne4 11.Nxe4 Bxe5 12.Nc5 Bf6 13.Nd3 Qb6 14.O-O-O Be6 15.Kb1 O-O
16.f4 Rac8 17.Nc5 Kf7 18.h5 g5 19.g4 Rcd8 20.fxg5 Bxg5 21.Bd3 Bc8 22.Bxf5 Bxf5
23.gxf5 Rg8 24.Rdg1 Rd6 25.Ne6 Qb5 26.Nxg5+ Rxg5 27.Rxg5 hxg5 28.h6  1-0

[Event "8th Gibtelecom Masters"]
[Site "Caleta ENG"]
[Date "2010.01.29"]
[Round "4"]
[White "Groffen,H"]
[Black "Krush,I"]
[Result "0-1"]
[WhiteElo "2150"]
[BlackElo "2455"]

1.d4 d6 2.Nf3 g6 3.c4 Bg7 4.e4 Nf6 5.Nc3 O-O 6.Be2 Nbd7 7.O-O e5 8.Qc2 exd4
9.Nxd4 Re8 10.Be3 c6 11.Rfe1 Qc7 12.Rad1 a6 13.f3 b5 14.cxb5 cxb5 15.Qd2 Bb7
16.Rc1 Qd8 17.Ndxb5 axb5 18.Nxb5 Rf8 19.Nxd6 Ba6 20.b4 Bxe2 21.Qxe2 Qb8 22.Nb5 Nh5
23.g3 Ne5 24.Kg2 Rd8 25.Red1 Nf6 26.Bf4 Ne8 27.Rd5 f6 28.Bxe5 fxe5 29.Rcd1 Rxd5
30.Rxd5 Qc8 31.Rc5 Qe6 32.Rd5 Qa6 33.Rd2 Rc8 34.Qd3 Qe6 35.Qd5 Qxd5 36.exd5 Bf8
37.Na7 Bxb4 38.Nxc8 Bxd2 39.d6 Nf6 40.Nb6 Kf7 41.a4 Ke6  0-1

[Event "8th Gibtelecom Masters"]
[Site "Caleta ENG"]
[Date "2010.01.30"]
[Round "5"]
[White "Krush,I"]
[Black "Halkias,S"]
[Result "1/2-1/2"]
[WhiteElo "2455"]
[BlackElo "2566"]

1.d4 Nf6 2.c4 e6 3.Nc3 Bb4 4.Qc2 d5 5.cxd5 exd5 6.Bg5 h6 7.Bh4 g5 8.Bg3 Ne4
9.e3 h5 10.f3 Nxg3 11.hxg3 Qe7 12.Kf2 Be6 13.a3 Bd6 14.Nb5 c6 15.Nxd6+ Qxd6
16.Bd3 Nd7 17.Ne2 O-O-O 18.b4 Kb8 19.Qb1 Rde8 20.Qb2 f5 21.Rae1 Nb6 22.b5 cxb5
23.Bxb5 Bd7 24.Bd3 Qe7 25.Nc3 Qf6 26.Ne2 Re7 27.f4 h4 28.gxh4 gxf4 29.Nxf4 Rxh4
30.g3 Rh6 31.Qb4 Reh7 32.Rxh6 Rxh6 33.Bf1 Bc6 34.Bg2 Rh8 35.Rh1 Rxh1 36.Bxh1 Qh6
37.Bg2 Qf6 38.Qc5 Qh6 39.Qe7 a6 40.Qe5+ Ka7 41.Qxf5 Qd6 42.Qd3 Nc4 43.a4 Nb2
44.Qb3 Nc4 45.Qc3 a5 46.g4 Qe7 47.Nxd5 Qh4+ 48.Kf1 Bxd5 49.Bxd5 Qh3+ 50.Ke2 Qh2+
51.Kd3 Nb2+ 52.Ke4 Qh1+ 53.Kf4 Qxd5 54.Qxb2 Qf7+ 55.Kg3 Qc7+ 56.Kh3 Qh7+
57.Kg2 Qe4+ 58.Kf2 Qxg4 59.Qb5 Qh4+ 60.Ke2 Qg4+ 61.Kd2 Qg2+ 62.Kc3 b6 63.Qd7+ Kb8
64.d5 Qe4 65.Qd6+ Kb7 66.Qc6+ Ka7 67.Kd2 Qb4+ 68.Kd3 Qb1+ 69.Kd4 Qa1+ 70.Ke4 Qh1+
71.Ke5 Qh2+ 72.Ke6 Qh3+ 73.Kd6 Qxe3 74.Kd7 Qh3+ 75.Qe6 Qb3 76.d6 Qxa4+ 77.Kd8 Qf4
78.Ke8 Qh2 79.Qf7+ Ka6 80.Qf1+ Ka7 81.Qf6 Qg3 82.d7 Qg8+ 83.Ke7 Qh7+ 84.Qf7 Qh4+
85.Kd6 Qb4+ 86.Kc7 Qc5+ 87.Kd8 a4 88.Qe7 Qd5 89.Kc7 Qc4+ 90.Kd6 Qb4+ 91.Ke6 Qe4+
92.Kf7 Qh7+ 93.Ke8 Qg8+ 94.Qf8 Qe6+ 95.Kd8 Qe5 96.Qf3 Kb8 97.Qc6 Qh8+ 98.Ke7 Qg7+
99.Ke8 Qg8+ 100.Ke7 Qg7+ 101.Ke8 Qg8+ 102.Ke7  1/2-1/2

[Event "8th Gibtelecom Masters"]
[Site "Caleta ENG"]
[Date "2010.01.31"]
[Round "6"]
[White "Koneru,H"]
[Black "Krush,I"]
[Result "1-0"]
[WhiteElo "2614"]
[BlackElo "2455"]

1.d4 Nf6 2.c4 g6 3.g3 Bg7 4.Bg2 c5 5.Nf3 cxd4 6.Nxd4 O-O 7.O-O d5 8.cxd5 Nxd5
9.Nb3 Nb4 10.Bd2 N8c6 11.Nc3 Ne5 12.Ne4 Nd5 13.Rc1 Nc6 14.Nc3 Nb6 15.Bf4 e5
16.Qxd8 Rxd8 17.Bg5 f6 18.Be3 Bf8 19.Nb5 Bg4 20.Nxa7 Nd5 21.Nxc6 bxc6 22.Bd2 Rxa2
23.Rxc6 Bxe2 24.Rfc1 Ne7 25.Rb6 Kf7 26.Bc3 Ra7 27.Na5 Nd5 28.Nc6 Nxb6 29.Nxd8+ Ke8
30.Nc6 Ra2 31.Re1 Bb5 32.Nxe5 Kd8 33.Nf7+ Kc7 34.Bxf6 Nc4 35.Bd5 Ra6 36.Bc3 Bc5
37.Ng5  1-0

[Event "8th Gibtelecom Masters"]
[Site "Caleta ENG"]
[Date "2010.02.01"]
[Round "7"]
[White "Krush,I"]
[Black "Stephan,Ax"]
[Result "1-0"]
[WhiteElo "2455"]
[BlackElo "2252"]

1.d4 Nf6 2.c4 g6 3.Nc3 d5 4.Bg5 Ne4 5.Bh4 Nxc3 6.bxc3 dxc4 7.e3 b5 8.a4 Bd7
9.axb5 Bxb5 10.Nf3 Bg7 11.Bxc4 Bxc4 12.Qa4+ Nd7 13.Qxc4 c5 14.O-O cxd4 15.cxd4 O-O
16.Ra6 Nb6 17.Qc5 Re8 18.Rfa1 Qd7 19.h3 Nc8 20.Bg3 Bf8 21.Ne5 Qb7 22.Rc6 Qb2
23.Raa6 Bg7 24.Qd5 Qb1+ 25.Kh2 Bxe5 26.Bxe5 Nb6 27.Rcxb6  1-0

[Event "8th Gibtelecom Masters"]
[Site "Caleta ENG"]
[Date "2010.02.04"]
[Round "10"]
[White "Istratescu,A"]
[Black "Krush,I"]
[Result "1-0"]
[WhiteElo "2607"]
[BlackElo "2455"]

1.e4 c6 2.d4 d5 3.e5 Bf5 4.Be3 e6 5.Nd2 Nd7 6.f4 c5 7.Ngf3 Qb6 8.Bd3 Nh6
9.O-O c4 10.Bxf5 Nxf5 11.Bf2 Qxb2 12.Rb1 Qa3 13.Rxb7 Qa6 14.Rb1 Ba3 15.Nh4 O-O
16.Nxf5 exf5 17.Qf3 Nb6 18.Qh3 g6 19.Nf3 Rfe8 20.g4 fxg4 21.Qxg4 Qc8 22.f5 Qxf5
23.Qxf5 gxf5 24.Bg3 Nc8 25.Nh4 Ne7 26.Nxf5 Nxf5 27.Rxf5 Rab8 28.Rbf1 Bb2
29.Rg5+ Kh8 30.Rg4 Rg8 31.Rh4 Rb7 32.Rf6 Rg6 33.Rd6 Rxd6 34.exd6 f6 35.Kg2 Kg7
36.Rh5 Bxd4 37.Rxd5 Bb6 38.Rb5 Rb8 39.a4 Rd8 40.a5 Bd4 41.Kf3 Be5 42.Rb7+ Kf8
43.Bxe5 fxe5 44.d7 a6 45.Ke4 Ke7 46.Kxe5 Rg8 47.d8=Q+  1-0

[Event "Reykjavik Open"]
[Site "Reykjavik ISL"]
[Date "2010.02.24"]
[Round "1"]
[White "Vaarala,E"]
[Black "Krush,I"]
[Result "0-1"]
[WhiteElo "2032"]
[BlackElo "2455"]

1.e4 c5 2.Nf3 d6 3.d4 cxd4 4.Nxd4 Nf6 5.Nc3 Nc6 6.Bg5 e6 7.Qd2 a6 8.O-O-O Bd7
9.f3 Be7 10.h4 b5 11.Kb1 Ne5 12.f4 Neg4 13.Bxf6 Bxf6 14.Re1 Rc8 15.Be2 Nf2
16.Rhf1 b4 17.Nd5 exd5 18.Rxf2 O-O 19.Rff1 Qb6 20.e5 dxe5 21.fxe5 Bxe5 22.Nf5 Bxf5
23.Rxf5 Bc3 24.Qd1 Bxe1 25.Qxe1 Rfe8 26.Qf1 Qe3 27.Bd1 Qd2 28.Rf2 Re1 29.Rxd2 Rxf1
30.Rxd5 Kf8 31.Kc1 Ke7 32.Kd2 Rf2+ 33.Ke3 Rxg2 34.Ra5 Rc6  0-1